| 000 | 00408nam a2200145Ia 4500 | ||
|---|---|---|---|
| 008 | 210716s1990 xx 000 0 und d | ||
| 020 | _a333929497 | ||
| 041 | _aeng | ||
| 082 | _a005.301 BALE | ||
| 100 | _aBalagurusamy, E; Saikumar, M L; Sarma, M S. | ||
| 245 |
_aLotus 1-2-3: guide and workbook. _bGuide and workbook. |
||
| 260 |
_aMadras _bMacmillan India Ltd _c1990 |
||
| 300 | _ax,134 | ||
| 650 | _aNone | ||
| 999 |
_c181597 _d181597 |
||